[Event "IRI-ch U12"]
[Site "Chess.com INT"]
[Date "2021.01.16"]
[Round "3"]
[White "Mozaffari, Emad"]
[Black "Azizkhani, Mani"]
[Result "0-1"]
[WhiteElo "1479"]
[BlackElo "1239"]
[PlyCount "76"]
[EventDate "2021.01.16"]
[EventType "swiss"]
[EventRounds "11"]
[EventCountry "IRI"]
[SourceTitle "EXT 2022"]
[Source "ChessBase"]
[SourceDate "2021.10.06"]
[SourceVersion "1"]
[SourceVersionDate "2021.10.06"]
[SourceQuality "1"]

1. e4 c5 2. d4 cxd4 3. c3 dxc3 4. Nxc3 Nc6 5. Nf3 e6 6. Bc4 a6 7. 0-0 b5 8. Bb3 Nge7 9. Bf4 Ng6 10. Bd6 Bxd6 11. Qxd6 Qe7 12. Qd2 0-0 13. Rad1 Rd8 14. Rfe1 d6 15. Ne2 Bb7 16. Ned4 Nxd4 17. Qxd4 a5 18. Rc1 a4 19. Bd1 Rac8 20. Be2 Qd7 21. Qb4 Rxc1 22. Rxc1 Bc6 23. Nd4 Bxe4 24. Bxb5 Rc8 25. Re1 Qb7 26. f3 Bd3 27. Qxa4 Bxb5 28. Qxb5 Qa7 29. Qd3 e5 30. Kh1 Qxd4 31. Qa6 Rc2 32. b3 h6 33. a4 Nf4 34. a5 Qf2 35. Rg1 Nh3 36. Qa8+ Kh7 37. Qe4+ g6 38. Qxc2 Qxg1# 0-1

[Event "IRI-ch U12"]
[Site "Chess.com INT"]
[Date "2021.01.16"]
[Round "4"]
[White "Noparast, Kian"]
[Black "Mozaffari, Emad"]
[Result "0-1"]
[WhiteElo "1125"]
[BlackElo "1479"]
[PlyCount "54"]
[EventDate "2021.01.16"]
[EventType "swiss"]
[EventRounds "11"]
[EventCountry "IRI"]
[SourceTitle "EXT 2022"]
[Source "ChessBase"]
[SourceDate "2021.10.06"]
[SourceVersion "1"]
[SourceVersionDate "2021.10.06"]
[SourceQuality "1"]

1. e4 e5 2. Nf3 Nc6 3. Bc4 Nf6 4. d3 Bc5 5. c3 d6 6. 0-0 0-0 7. Nbd2 Bb6 8. h3 Ne7 9. Re1 Ng6 10. Nf1 Re8 11. Ng3 Be6 12. Bb5 c6 13. Ba4 Qd7 14. Ng5 Rad8 15. Nxe6 Qxe6 16. Bb3 d5 17. exd5 cxd5 18. d4 Qd6 19. dxe5 Rxe5 20. Rxe5 Qxe5 21. Bd2 Qxg3 22. Qf1 Ne4 23. Bc1 Nxf2 24. a4 Nxh3+ 25. Kh1 Nf2+ 26. Kg1 Ng4+ 27. Kh1 Qh2# 0-1